00277nam a2200097Ia 4500008004100000082001800041100002100059245003800080260004300118300001800161230907s9999||||xx |||||||||||||| ||und|| a621.3815bPEA aPease, Robert A. 0aTroubleshooting analog circuits / aButterworth-Heinemann,bBoston :c1993 axii, 217 p. :